00329pab a2200121 454500008004000000100001800040245006700058260000900125300001500134362001000149650001400159773003400173180718b2014 xxu||||| |||| 00| 0 eng d aAnkit, Rakesh aThe Last Sahibs: Governors in British India, March-August 1947 c2014 ap.122-129. a2 Aug aGovernors aEconomic and Political Weekly